000 00597nam a22002297a 4500
003 UA-OsUOA
001 66462
007 ta
008 20091229b un ||||| |||| 00| 0 ukr d
100 _aБуяльский Б. А.
090 _a82.09
_bБ94
942 _cBK
040 _aUA-OsUOA
_brus
_cUA-OsUOA
_dUA-OsUOA
245 _aИскусство выразительного чтения
300 _a176 с.
955 _a2
041 _arus
080 _a82.09
260 _aМ.
_c1986
650 7 _a82 Література. Літературознавство
_2UDC
999 _c352537
_d352537